000 00444nam a2200157Ia 4500
003 OSt
005 20230601151740.0
008 211028s2012 xx 000 0 und d
040 _cAIMIT LIBRARY
041 _aeng
100 _aNarvekar, Chetan C; Srinivas, B L.
_98338
_e101906
110 _aSrinivas B L
_98339
245 _aEmployee and team module - the employee appraisal tracker system.
260 _aMangalore
_c2012
942 _2ddc
_cPRO
999 _c219838
_d219838